00812nam a22002417a 450000500170000001000290001702000260004602000230007203500270009503700130012203700190013508200130015410000250016724501150019226000450030727000610035230000310041349000170044450000510046165000230051265000320053570000030056720110125152920.0 aENG-101959 B-446025-027 a9780198071617c325.00 a0198071612c325.00 aEN-85492 B-446025-027 bDBAD/PUB bAllied Pub/Ven a342.5403 aKrishnaswamy, Sudhir aDemocracy and constitutionalism in India : cby Sudhir Krishnaswamyba study of the basic structure doctrine / aNew DelhibOxford University Pressc2010 aYMCA Library Building, Jai Singh RoadbNew Delhie110001 axxxiii, 244 p.c23cm (pbk) aLaw in India aIncludes bibliographical references and index. aDemocracy zIndia. aConstitutional law zIndia.